000 01064nam a2200265Ia 4500
003 OSt
005 20221005105407.0
006 a|||||r|||| 00| 0
007 ta
008 221004b |||||||| |||| 00| 0 hin d
020 _a9788181292650 (hbk)
024 _a26688
037 _bGift, 09/05/2016,
_cTextual
040 _aCRL
_cCRL
_bhin
041 _2hin
_ahin
082 _aO152,1M50:g(Q223), P9
100 _aज़ैदी, जहॉं आरा
245 0 _aहिन्दी कृष्ण भक्ति काव्य परम्परा में भारतेन्दु का योगदान
246 _aHindī kṛuṣhṇa bhakti kāvya paramparā mean bhāratendu kā yogadāna
260 _aनई दिल्ली
_bनमन प्रकाशन भारत
_c2009
300 _a161पृ0
_ccm.
650 _aहिन्दी साहित्य
942 _hO152,1M50:g(Q223), P9
_cTEXL
_2cc
999 _c1015694
_d1015694